000 00595nam a2200229Ia 4500
003 OSt
005 20221007064820.0
006 a|||||r|||| 00| 0
007 ta
008 221006b |||||||| |||| 00| 0 eng d
024 _a30,042
037 _cTextual
040 _aFLL
_cFLL
_beng
041 _2eng
_aeng
082 _aY:6vN8, M5
100 _aPandey Rajendra
245 0 _aSociology of development
260 _aDelhi
_bMittal Publications India
_c1985
300 _axii,563p
_ccm.
942 _hY:6vN8, M5
_cTEXL
_2CC
999 _c1135423
_d1135423